Statistiken für Land nach Funfact

Klicken Sie hier um das Quiz zu spielen!

Allgemein

  • Dieses Quiz wurde 194 mal gespielt
  • Das Durchschnittsergebnis liegt bei 6 aus 15

Antwortstatistiken

FaktLand% Korrekt
Ein Drittel aller Flughäfen der Welt befinden sich in diesem Land.USA
96%
In disem Land befindet sich der längste Tunnel der Welt (57.1 km).Schweiz
74%
Hier wurde 2008 ein Pinguin zum Ritter geschlagen.Norwegen
61%
In diesem Land gibt es eine kleine Stadt namens Sialkot in der 40% aller Fussbälle weltweit hergestellt werden.Pakistan
60%
Wurde erst 2011 unabhängig und ist somit das jüngste Land der Welt.Südsudan
58%
Am Flughafen der Hauptstadt dieses Landes wird mehr Schokolade gekauft als an jedem anderen Ort.Belgien
51%
Fernseher waren bis 1999 in diesem Land illegal.Bhutan
41%
Der Kalender dieses Landes startete im Jahr 1912. Während wir 2022 haben, hat dieses Land das Jahr 110.Nordkorea
39%
In diesem Land findet man gleichzeitig den höchsten und den tiefsten Punkt seines Kontinents.Argentinien
37%
Dieses Land hat den grössten Anteil an gelesenen Büchern pro Kopf.Island
32%
97% der Männer und 93% der Frauen in diesem Land sind übergewichtig.Nauru
20%
In diesem Land befindet sich der letzte Dschungel Kontinentaleuropas.Bosnien und Herzegovina
13%
Ist neben Indien das einzige andere Land, welches Hindi als Amtssprache hat.Fidschi
12%
Das einzige Land welches in allen vier Hemisphären liegt.Kiribati
10%
Hat mit 61.25% die höchste Quote an Frauen im Parlament weltweit.Ruanda
5%

Verteilung der Resultate

Perzentil nach korrekt beantworteten Fragen

Anzahl Personen mit jedem Resultat

Ihre Resultats-Entwicklung

Sie haben dieses Quiz noch nicht gespielt